Statistics for Countries that Visit Hawaii the Most

Click here to take the quiz!

General Stats

  • This quiz has been taken 176 times
  • The average score is 9 of 12

Answer Stats

VisitorsCountry% Correct
1,454,836Japan
98%
129,165China
95%
27,286United Kingdom
92%
814,000Canada
89%
246,102Australia
86%
16,448France
86%
264,504South Korea
84%
5,511Mexico (by air only)
84%
24,682Germany
80%
6,754Brazil
69%
16,659Taiwan
61%
8,500Switzerland
24%

Score Distribution

Percentile by Number Answered

Percent of People with Each Score

Your Score History

You have not taken this quiz